Top 100 najpopularniejszych Polskich Youtuberów - Statystyki

Ogólne statystyki
  • Ten quiz został rozwiązany 57 razy
  • Średni wynik to 12 z 100
Statystyki odpowiedzi
Miejsce Odpowiedź Sybskrypcje % Poprawnych
3 Karol Friz Wiśniewski 5 350 000
96%
2 Blowek 5 390 000
89%
1 reZigiusz 5 400 000
87%
83 ajthepolishamerican 1 340 000
55%
11 Wersow 2 740 000
53%
18 EKIPA 2 400 000
51%
6 SA Wardega 3 510 000
40%
37 Tromba 1 920 000
34%
27 Gimper 2 180 000
32%
79 WarszawskiKoks 1 380 000
30%
8 AbstrachujeTV 3 370 000
26%
5 Naruciak 3 830 000
26%
43 Mandzio 1 780 000
23%
97 Natsu 1 210 000
23%
24 Young Multi & YFL 2 210 000
23%
32 Jacob 2 100 000
21%
12 Kaluch 2 700 000
21%
34 Palion 2 020 000
21%
21 Karolek 2 300 000
19%
7 SBM 3 460 000
19%
16 Sitr0x 2 490 000
19%
17 TheNitroZyniak 2 450 000
19%
23 Wojan 2 230 000
19%
26 KSIĄŻULO 2 210 000
17%
90 Andziaks 1 250 000
15%
9 IsAmU 2 850 000
15%
30 izak LIVE 2 160 000
15%
41 Yoshi 1 800 000
15%
22 5 Sposobów na 2 290 000
13%
47 BOXDEL 1 760 000
13%
58 Niekryty Krytyk 1 620 000
13%
4 Step Records 4 040 000
13%
76 DisStream 1 400 000
11%
25 Kamerzysta 2 210 000
11%
71 Remigiusz Maciaszek 1 440 000
9%
69 Farell 1 470 000
9%
48 JDabrowsky 1 750 000
9%
57 Rembol 1 620 000
9%
14 Vito Minecraft 2 570 000
9%
80 Doknes 1 370 000
6%
19 GPlay:Minecraft Jest Nasz! 2 330 000
6%
60 Marcin Dubiel 1 610 000
6%
91 Medusa Offical 1 240 000
6%
72 MINI MAJK 1 430 000
6%
100 Poszukiwacz 1 190 000
6%
67 skkf 1 490 000
6%
38 WAKSY 1 890 000
6%
74 wip bros 1 410 000
6%
15 Admiros 2 560 000
4%
51 Agnieszka Grzelak Vlog 1 680 000
4%
49 BEKSY 1 690 000
4%
75 Da Mian 1 400 000
4%
35 DeeJayPallaside 1 980 000
4%
31 Dizowskyy 2 130 000
4%
45 Dominik Rupiński 1 770 000
4%
62 Enzzi 1 540 000
4%
39 Historia bez cenzury 1 860 000
4%
86 Marek "AdBuster" Hoffmann 1 300 000
4%
10 Planeta Faktów 2 780 000
4%
55 ROJSON 1 650 000
4%
61 RoxMb 1 590 000
4%
13 SPInka Film Studio 2 580 000
4%
64 Z Dvpy 1 510 000
4%
70 Agnieszka Grzelak Beauty 1 450 000
2%
78 Cyber Marian 1 390 000
2%
59 Cypisolo 1 620 000
2%
88 Dawid Frank 1 250 000
2%
63 dealereq 1 520 000
2%
87 Dla Pieniędzy 1 260 000
2%
52 FIT LOVERS 1 670 000
2%
46 Hejka tu Lenka 1 770 000
2%
33 JASNA STRONA 2 080 000
2%
28 Kali 2 180 000
2%
73 PONKI 1 410 000
2%
93 SciFun 1 240 000
2%
50 smiechawaTV 1 680 000
2%
20 SmileSlow 2 300 000
2%
56 Taco Hemingway 1 640 000
2%
98 Urbex History 1 210 000
2%
68 vNARF 1 480 000
2%
36 BORCREW OFFICAL 1 930 000
0%
40 BRACIA MALCZYŃSCY 1 840 000
0%
81 CzyWieszJak 1 360 000
0%
44 Disco Polo Lajf 1 770 000
0%
92 Dominik Łupicki 1 240 000
0%
66 Dusia 1 490 000
0%
29 Enduro KeX 2 160 000
0%
84 GilathissNew 1 320 000
0%
82 INTERNAZIOMALE 1 360 000
0%
42 Kamil SFINKS Szpejenkowski 1 800 000
0%
54 Klaudia Bieszcz 1 650 000
0%
96 LETNI 1 220 000
0%
99 Marivo 1 200 000
0%
53 Miłośnicy czterech kółek-zrob to sam 1 660 000
0%
85 nolifka 1 300 000
0%
77 TOP10Wszystkiego 1 390 000
0%
89 Topowa Dycha 1 250 000
0%
95 TRENUJ Z KRZYCHEM 1 230 000
0%
94 Zabawkowicz 1 230 000
0%
65 Zajcu37 1 500 000
0%
Nie znaleziono quizów pasujących do podanych kryteriów
Rozkład punktacji
Procent ludzi z każdym wynikiem
Percentyl według liczby udzielonych odpowiedzi
Twoja historia wyników
Nie rozwiązałeś tego quizu